| 000 | 00336nam a22001337a 4500 | ||
|---|---|---|---|
| 082 | _a339MUE. | ||
| 100 | _aMueller, M.G. | ||
| 245 | _aReadings in macroeconomics. | ||
| 260 |
_aLondon. _bHolt, Rinehart and Winston Inc. _c1967. |
||
| 300 |
_axiii, 402p. _bill.; 22cm. |
||
| 500 | _aIncludes index. | ||
| 650 | _aEconomics. | ||
| 942 | _cBK | ||
| 999 |
_c13845 _d13845 |
||